000 00338nam a2200133Ia 4500
005 20260328104306.0
008 260328s9999||||xx |||||||||||||| ||und||
100 _aSzita, Jane
245 0 _aMasterclass :
_b Interior Design /
_cJane Szita
260 _bframe Publishers
300 _a311 p.
650 _aDISEÑO INTERIOR
942 _cBK
999 _c10756
_d10756